Geología de la hoja de Arequipa, Al 200,000. (Record no. 28351)

MARC details
000 -LEADER
fixed length control field 00848cam a22002411 4500
001 - CONTROL NUMBER
control field gs 49000099
003 - CONTROL NUMBER IDENTIFIER
control field DLC
005 - DATE AND TIME OF LATEST TRANSACTION
control field 20260227111355.0
008 - FIXED-LENGTH DATA ELEMENTS--GENERAL INFORMATION
fixed length control field 851115s1948 pe ab 000 0 spa c
010 ## - LIBRARY OF CONGRESS CONTROL NUMBER
LC control number gs 49000099
035 ## - SYSTEM CONTROL NUMBER
System control number (OCoLC)12801685
040 ## - CATALOGING SOURCE
Original cataloging agency U.S. Geol. Survey. Libr.
Transcribing agency TxHR
Modifying agency DLC
042 ## - AUTHENTICATION CODE
Authentication code premarc
050 00 - LIBRARY OF CONGRESS CALL NUMBER
Classification number QE247
Item number .J4
100 1# - MAIN ENTRY--PERSONAL NAME
Personal name Jenks, William Furness,
Dates associated with a name 1909-
245 10 - TITLE STATEMENT
Title Geología de la hoja de Arequipa, Al 200,000.
Remainder of title Geology of the Arequipa quadrangle of the Carta National [!] del Perú.
260 ## - PUBLICATION, DISTRIBUTION, ETC.
Place of publication, distribution, etc. Lima,
Date of publication, distribution, etc. 1948.
300 ## - PHYSICAL DESCRIPTION
Extent xiii, 204 p.
Other physical details illus., maps (part fold., 1 laid in)
Dimensions 24 cm.
410 20 - SERIES STATEMENT/ADDED ENTRY--CORPORATE NAME [OBSOLETE, CAN/MARC], [LOCAL, USA]
Corporate name or jurisdiction name as entry element Instituto Geológico del Perú.
Title of a work Boletín
Volume number/sequential designation 9
650 #0 - SUBJECT ADDED ENTRY--TOPICAL TERM
Topical term or geographic name entry element Geology
Geographic subdivision Peru
-- Arequipa (Department)
650 #0 - SUBJECT ADDED ENTRY--TOPICAL TERM
Topical term or geographic name entry element Geology
Geographic subdivision Peru
Form subdivision Maps.
740 0# - ADDED ENTRY--UNCONTROLLED RELATED/ANALYTICAL TITLE
Uncontrolled related/analytical title Arequipa quadrangle of the Carta Nacional del Perú.

No items available.

Powered by Koha